New Zealand, (Record no. 92004)

MARC details
000 -LEADER
fixed length control field 00684cam a22002291 4500
001 - CONTROL NUMBER
control field w 12000025
003 - CONTROL NUMBER IDENTIFIER
control field DLC
005 - DATE AND TIME OF LATEST TRANSACTION
control field 20260227112807.0
008 - FIXED-LENGTH DATA ELEMENTS--GENERAL INFORMATION
fixed length control field 740702s1911 xx 000 0 eng
010 ## - LIBRARY OF CONGRESS CONTROL NUMBER
LC control number w 12000025
035 ## - SYSTEM CONTROL NUMBER
System control number (OCoLC)933823
040 ## - CATALOGING SOURCE
Original cataloging agency DLC
Transcribing agency OKentU
Modifying agency DLC
042 ## - AUTHENTICATION CODE
Authentication code premarc
050 00 - LIBRARY OF CONGRESS CALL NUMBER
Classification number DU420
Item number .S8
100 1# - MAIN ENTRY--PERSONAL NAME
Personal name Stout, Robert,
Dates associated with a name 1844-1930.
245 10 - TITLE STATEMENT
Title New Zealand,
Statement of responsibility, etc. by the Hon. Sir Robert Stout ... and J. Logan Stout.
260 ## - PUBLICATION, DISTRIBUTION, ETC.
Place of publication, distribution, etc. Cambridge,
Name of publisher, distributor, etc. The University press,
Date of publication, distribution, etc. 1911.
300 ## - PHYSICAL DESCRIPTION
Extent 185 p.
Other physical details illus.
Dimensions 17 cm.
440 #4 - SERIES STATEMENT/ADDED ENTRY--TITLE
Title The Cambridge manuals of science and literature
651 #0 - SUBJECT ADDED ENTRY--GEOGRAPHIC NAME
Geographic name New Zealand.
700 1# - ADDED ENTRY--PERSONAL NAME
Personal name Stout, J. Logan,
Relator term joint author.

No items available.

Powered by Koha